El burgués: contribución a la historia espiritual del hombre económico moderno
Salvato in:
| Autore principale: | |
|---|---|
| Natura: | Libro |
| Lingua: | spagnolo |
| Pubblicazione: |
Madrid
Alianza
1982
|
| Edizione: | 4a. ed |
| Serie: | Alianza Universidad, 27
|
| Soggetti: | |
| Tags: |
Aggiungi Tag
Nessun Tag, puoi essere il primo ad aggiungerne!!
|
MARC
| LEADER | 00000nam a2200000 a 4500 | ||
|---|---|---|---|
| 001 | UCP8616 | ||
| 003 | CL-VaPUC | ||
| 008 | 000310e19820000SP |||||||||||||||||spa|d | ||
| 082 | 0 | 4 | |a 305.55 |b SOM |2 21 |
| 100 | 0 | |a Sombart, Werner |e author |9 404469 | |
| 245 | 1 | 3 | |a El burgués: contribución a la historia espiritual del hombre económico moderno |
| 250 | |a 4a. ed | ||
| 300 | |a 371 p | ||
| 942 | |c BK | ||
| 945 | |d 20000310 00:00:00 |a lriquelm | ||
| 260 | |a Madrid |b Alianza |c 1982 | ||
| 650 | 0 | |a Burguesía |9 318985 | |
| 650 | 0 | |a Clases sociales |9 256858 | |
| 650 | 0 | |a Capitalismo |9 255255 | |
| 650 | 7 | |a MEDIOS URBANOS |2 CL-VaPUC |9 369436 | |
| 650 | 7 | |a REVOLUCION |2 CL-VaPUC |9 338298 | |
| 650 | 7 | |a CLASE MEDIA |2 CL-VaPUC |9 255144 | |
| 650 | 0 | |a Economía |9 255568 | |
| 650 | 0 | |a Estado |9 255503 | |
| 650 | 0 | |a Catolicismo |9 258690 | |
| 650 | 0 | |a Protestantismo |9 317293 | |
| 650 | 0 | |a Judaísmo |9 269348 | |
| 583 | |a last modification |c 20000310 00:00:00 |k Rodrigo Vera | ||
| 490 | 0 | |a Alianza Universidad, 27 | |
| 999 | |c 285507 |d 285505 | ||
| 952 | |0 0 |1 0 |4 0 |6 305_550000000000000_SOM_1982 |7 0 |8 A |9 330162 |a BIBHIS |b BIBHIS |d 2019-11-20 |i 1384988 |o 305.55 SOM 1982 |p 1384988 |r 2025-01-20 |w 2019-11-20 |y BK |k HIS | ||